000 00242nam a2200097Ia 4500
005 20251222114357.0
008 251222s1900||||xx |||||||||||||| ||spa||
082 _aDVD0070/L74/2002
245 0 _aLa casa de los engaƱos:House of Fool
942 _cDVD
999 _c1501
_d1501